00362nam a2200121 a 4500008004100000050001600041100002100057245008100078260003400159300001700193350000900210700002100219120416s1978 ||||||||||||||||| || u aHG 3882 Fre aFrenkel, Jacob A14aThe monetary approach to the balance of paymentscedited by Jacob A. Frenkel aLondonbAllen and Unwinc1978 a388p. : ill. a0.00 aJohnson, Harry G